=LDR 00000nam 2200000 4500 =001 NUTBA000000000000670 =005 20230131081331 =035 ##$$a 0010-031400000000669 =008 230131################g##########0#ind## =041 ##$$a Ind =082 ##$$a 150.192 =090 ##$$a 150.109 29, Mis p =245 1#$$a Psikologi fenomenologi, eksistensial dan humanistik : $b Suatu survei historis /$c Henryk Misiak, Ph.D., Virginia Staudt Sexton, Ph.D. =260 ##$$a Bandung :$b PT. Eresco,$c 1988 =300 ##$$a x, 172 hlm. ; $c 16x24 cm. =650 #4$$a Fenomenologi - Psikologi =700 1#$$a Sexton, Virginia Staudt =850 ##$$a NBPNMAT =020 ##$$a 979-3304-26-x =084 ##$$a 150.192 HEN p =250 ##$$a Cet. 1 =500 ##$$a Bibliografi : hlm. 187 - 207 =520 ##$$a Judul Asli : Phenomenologikal, existential, and humanistik psychologies : A historical survey =100 #$$a Henryk Misiak =990 ##$$a 29.495/Pb.88 =990 ##$$a 29.494/Pb.88 =990 ##$$a 166.467/Hd.2001 =990 ##$$a 20706209 =990 ##$$a 21004004 =990 ##$$a 21004003 =990 ##$$a 21004006 =990 ##$$a 21004005 =990 ##$$a 0001789 =990 ##$$a 00091789 =990 ##$$a 20706211 =990 ##$$a 166.467/Hd-2001